=LDR 00000nam 2200000 4500 =001 NUTBA000000000005166 =005 20141022144303.0 =006 =007 =008 =020 ##$$a 978-979-9282-61-3 =035 ##$$a 0010-101400000000396 =040 ##$$a NBPDMAT =090 ##$$a 028.5 $b Kea k =245 ##$$a Keajaiban big ben/ $c Penulis, Tim CBM; penerjemah, Deni Hendra Setiawan, S.Pd. =260 ##$$a Bandung : $b Karya Kita, $c 2007 =300 ##$$a 87 hlm. : $b ilus. ; $c 17 cm. =650 ##$$a Bacaan kanak-kanak - Big Ben =700 ##$$a Deni Hendra Setiawan =850 ##$$a NBPDMAT